| 000 | 00506nam a22001697a 4500 | ||
|---|---|---|---|
| 005 | 20260226153415.0 | ||
| 008 | 260226b |||||||| |||| 00| 0 eng d | ||
| 020 | _a978-1-29204-111-7 | ||
| 100 | _aTHORNDIKE, CHRIST-THORNDIKE | ||
| 245 | _aMEASUREMENT AND EVALUATION IN PSYCHOLOGY AND EDUCATION | ||
| 250 | _a8TH EDITION | ||
| 260 |
_aHARLOW _bPEARSON _c2014 |
||
| 300 | _aII, 419P. | ||
| 500 | _aINCLUDES AN INDEX | ||
| 650 | _aEDUCATIONAL TESTS AND MEASUREMENTS, ABILITY TESTING | ||
| 942 |
_2lcc _cBK |
||
| 999 |
_c216714 _d216714 |
||